| 000 | 00696nam a2200241Ia 4500 | ||
|---|---|---|---|
| 003 | OSt | ||
| 005 | 20221005052658.0 | ||
| 006 | a|||||r|||| 00| 0 | ||
| 007 | ta | ||
| 008 | 221004b |||||||| |||| 00| 0 eng d | ||
| 024 | _a48297 | ||
| 037 | _cTextual | ||
| 040 |
_aCRL _cCRL _beng |
||
| 041 |
_2eng _aeng |
||
| 082 | _aO111,3J58,x, K7 | ||
| 245 | 0 | _aFirst part of Hieronimo and the Spanish tragedy Edited by Andrew S. Cairncross | |
| 260 |
_aLondon _bEdward Arnold Publishers UK _c1967 |
||
| 300 |
_a186p. _ccm. |
||
| 490 | _aResgents renaissance drama series. | ||
| 650 | _aENGLISH LITERATURE | ||
| 942 |
_hO111,3J58,x, K7 _cTEXL _2cc |
||
| 999 |
_c960798 _d960798 |
||